Miss Grand International Winning Countries - Statistics

General Stats
  • This quiz has been taken 106 times
    90 since last reset
  • The average score is 12 of 14
Answer Stats
Hint Answer % Correct
2022 Brazil
97%
2024 (dethroned) India
97%
2020 USA
94%
2024 Philippines
92%
2017 Peru
91%
2023 Peru
91%
2021 Vietnam
88%
2019 Venezuela
86%
2015 (dethroned) Australia
81%
2016 Indonesia
72%
2013 Puerto Rico
72%
2015 (dethroned) Dominican Republic
69%
2014 Cuba
66%
2018 Paraguay
64%
No matching quizzes found
Score Distribution
Percent of People with Each Score
Percentile by Number Answered
Your Score History
You have not taken this quiz since the last reset